000 00704nam a2200229 i 4500
001 bg
100 1 _aGRACZYŃSKA, Ewa
245 1 0 _aOperators on varieties /
_cEwa Graczyńska.
260 _aOpole :
_bOficyna Wydaw. PO,
_c1998.
300 _a122 s. ;
_c24 cm.
490 1 _aStudia i Monografie / Politechnika Opolska,
_x1429-6063 ;
_vz. 101
500 _aStreszcz. pol.
504 _aBibliogr. s. 104-122.
650 9 _aAlgebra liniowa
_xzagadnienia
650 9 _aRachunek operatorowy
_xzagadnienia
830 0 _aStudia i Monografie (Politechnika Opolska) ;
_vz. 101
040 _cBPK
041 0 _aen
_bpl
080 _a512.64+517.4
942 _cKS
008 s pl f |000 0 pol
999 _c34583
_d34583
856 _uhttp://koha.tu.koszalin.pl/cgi-bin/koha/opac-detail.pl?biblionumber=34583
_yKatalog online BPK